| 000 | 02225cam a22004335i 4500 | ||
|---|---|---|---|
| 003 | URS | ||
| 005 | 20260311144638.0 | ||
| 008 | 231219s2024 paua f 001 0 eng d | ||
| 020 | _a9780323876988 | ||
| 020 | _a0323876986 | ||
| 020 | _z9780323878036 | ||
| 040 |
_aUKMGB _bEnglish _erda _cUKMGB _dOCLCF _dYDX _dOCLCO _dWSU _dOCLCO _dOCLCQ _dOCLCO _dDLC |
||
| 050 | 1 | 0 |
_aRJ48 _b.H2358 2024 |
| 082 | 0 | 4 | _a618.92 |
| 110 | 2 |
_aHarriet Lane Service (Johns Hopkins Hospital), _eauthor. |
|
| 245 | 1 | 4 |
_aThe Harriet Lane handbook : _ba manual for pediatric house officers / _cthe Harriet Lane house staff at The Charlotte R. Bloomberg Children's Center of The Johns Hopkins Hospital ; editors, Camille C. Anderson, Sunaina Kapoor, Tiffany E. Mark. |
| 250 | _aTwenty-third edition. | ||
| 264 | 1 |
_aPhiladelphia, PA : _bElsevier, _c©2024. |
|
| 300 |
_axvi, 1293 pages : _billustrations (some color) ; _c19 cm. |
||
| 336 |
_atext _btxt _2rdacontent |
||
| 336 |
_astill image _bsti _2rdacontent |
||
| 337 |
_aunmediated _bn _2rdamedia |
||
| 338 |
_avolume _bnc _2rdacarrier |
||
| 500 | _aIncludes ebook access. | ||
| 500 | _aBibliographical references available online. | ||
| 500 | _aIncludes index. | ||
| 520 |
_a"Every three years, The Harriet Lane Handbook is carefully updated by residents, edited by chief residents, and reviewed by expert faculty at The Johns Hopkins Hospital. Easy to use, concise, and complete, this essential manual keeps you current with new guidelines, practice parameters, pharmacology, and more. The 23rd Edition of this portable reference continues to be the most widely used and most recognized pediatric reference worldwide--an indispensable resource for pediatric residents, students, nurses, and all healthcare professionals who treat young patients."-- _cProvided by publisher |
||
| 650 | 0 |
_aPediatrics _vHandbooks, manuals, etc. |
|
| 650 | 1 | 2 | _aPediatrics |
| 650 | 7 |
_aPediatrics _2fast |
|
| 655 | 7 |
_ahandbooks. _2aat |
|
| 655 | 7 |
_aHandbooks and manuals _2fast |
|
| 655 | 7 |
_aHandbooks and manuals. _2lcgft |
|
| 655 | 7 |
_aGuides et manuels. _2rvmgf |
|
| 700 | 1 |
_aAnderson, Camille C., _eeditor. |
|
| 700 | 1 |
_aKapoor, Sunaina, _eeditor. |
|
| 700 | 1 |
_aMark, Tiffany E., _eeditor. |
|
| 942 |
_2lcc _cR |
||
| 999 |
_c98997 _d98994 |
||